Caste in modern India. 2V (Record no. 34628)

MARC details
000 -LEADER
fixed length control field 00409nam a2200157Ia 4500
008 - FIXED-LENGTH DATA ELEMENTS--GENERAL INFORMATION
fixed length control field 230917s9999||||xx |||||||||||||| ||und||
040 ## - CATALOGING SOURCE
-- 213225
Original cataloging agency VIVEKANANDA LIBRARY
041 ## - Language
-- English
082 ## - DDC NUMBER
Classification number 301.440954 S73C
100 ## - MAIN ENTRY--PERSONAL NAME
Personal name Sarkar, Sumit, ed.
245 #0 - TITLE STATEMENT
Title Caste in modern India. 2V
260 ## - PUBLICATION, DISTRIBUTION, ETC. (IMPRINT)
Place of publication, distribution, etc Ranikhet
Name of publisher, distributor, etc Permanent Black
Date of publication, distribution, etc 2014
300 ## - PHYSICAL DESCRIPTION
Pages x, 532 p.
500 ## - GENERAL NOTE
General note 4390 06/12/2013 Main Budget
942 ## - ADDED ENTRY ELEMENTS (KOHA)
Koha item type Books
Holdings
Withdrawn status Lost status Damaged status Not for loan Location (home branch) Sublocation or collection (holding branch) Date acquired Koha issues (times borrowed) Koha full call number Accession No. Koha date last seen Koha item type
        VIVEKANANDA LIBRARY VIVEKANANDA LIBRARY 19/03/2015   301.440954 S73C 309742 17/09/2023 Books
        VIVEKANANDA LIBRARY VIVEKANANDA LIBRARY 19/03/2015   301.440954 S73C 309743 17/09/2023 Books
        VIVEKANANDA LIBRARY VIVEKANANDA LIBRARY 19/03/2015   301.440954 S73C 334852 17/09/2023 Books
        VIVEKANANDA LIBRARY VIVEKANANDA LIBRARY 19/03/2015   301.440954 S73C 334853 17/09/2023 Books
        VIVEKANANDA LIBRARY VIVEKANANDA LIBRARY 19/03/2015   301.440954 S73C 342046 17/09/2023 Books
        VIVEKANANDA LIBRARY VIVEKANANDA LIBRARY 19/03/2015   301.440954 S73C 342047 17/09/2023 Books
© Designed and Maintained by Vivekananda Library, MDU Rohtak